000 01060cam a2200301 4500
001 WS118930
008 020719n 000 0 eng u
035 _a(Sirsi) u118930
110 _aWorld Health Organization
_9978
245 _aWorld Health Organisation
520 _aWeb site for this international organisation which investigates health issues. Includes pages on the Electromagnetic Fields Project giving fact sheets on various issues and details of standards around the world.
650 _aORGANISATION
650 _aHEALTH AND SAFETY
_96244
650 _aELECTROMAGNETIC FIELDS
650 _aMOBILE PHONES
650 _aSTATIC FIELDS
650 _aRADIO FREQUENCY FIELDS
650 _aINTERMEDIATE FREQUENCY FIELDS
650 _aEXTREMELY LOW FREQUENCY FIELDS
650 _aTELECOMMUNICATIONS
650 _aPUBLIC HEALTH
650 _aVISUAL DISPLAY UNITS
650 _aVDUS
650 _aSTANDARDS
690 _aINTERNATIONAL
856 4 0 _uhttps://www.who.int
_zView the website free of charge at www.who.int...
942 _n0
999 _c120114
_d120114